| 000 | 00511nam a2200133 a 4500 | ||
|---|---|---|---|
| 008 | 121015s1930 ||||||||||||||||| || u | ||
| 050 | _aDS 448 Bro | ||
| 100 | _aBrockway, A. Fernner | ||
| 245 | 1 | 4 |
_aThe Indian crisis _cby A. Fenner Brockway |
| 260 |
_aLondon: _bVictor Gollancz _c1930 |
||
| 300 | _a208p. | ||
| 650 | _aINDIA--POLITICS AND GOVERNMENT--1919-1947 | ||
| 995 |
_aSPECIAL COLLECTIONS _e500222 _FCBU-DAG HAMMARSKJOLD INSTITUTE LIBRARY _jDAG DS 448 Bro _M1 _UAVAILABLE _WDec 31, 2012 _y500222 _ZDHIPS Book Collection |
||
| 999 |
_c302 _d302 |
||